000 00866nam a22002057a 4500
003 OSt
005 20251125102249.0
008 251125b |||||||| |||| 00| 0 eng d
040 _aKenya National Library Service
082 _a232 RAH
100 _aRahn, Robert
_eauthor
245 _aJesus never fails /
_cRev. Robert Rahn.
250 _aThird edition.
300 _a11 pages ;
_c15 cm.
520 _aThis booklet introduces you to the only one who never fails. His name is Jesus. He was sent by God to earn forgiveness for our failings and our sins. we can trust Jesus to forgive us, guide us, and protect us from Satan and ever evil. Read on to discover why you can trust that Jesus will never fail you.
650 _aJesus Christ.
942 _2ddc
_cBK
_n0
999 _c489617
_d489617